<?xml version="1.0" encoding="UTF-8"?>
<record
    xmlns:xsi="http://www.w3.org/2001/XMLSchema-instance"
    xsi:schemaLocation="http://www.loc.gov/MARC21/slim http://www.loc.gov/standards/marcxml/schema/MARC21slim.xsd"
    xmlns="http://www.loc.gov/MARC21/slim">

  <leader>02228nam0a2200337   4500</leader>
  <controlfield tag="001">RU\NLR\bibl\1476039</controlfield>
  <controlfield tag="005">20260405232810.0</controlfield>
  <datafield tag="010" ind1=" " ind2=" ">
    <subfield code="a">978-5-93025-035-0</subfield>
    <subfield code="9">150</subfield>
  </datafield>
  <datafield tag="021" ind1=" " ind2=" ">
    <subfield code="a">RU</subfield>
    <subfield code="b">2009-104726</subfield>
    <subfield code="9">6668</subfield>
  </datafield>
  <datafield tag="035" ind1=" " ind2=" ">
    <subfield code="a">(NLR Aleph) 001467706</subfield>
  </datafield>
  <datafield tag="090" ind1=" " ind2=" ">
    <subfield code="a">1623619</subfield>
    <subfield code="c">1623619</subfield>
  </datafield>
  <datafield tag="100" ind1=" " ind2=" ">
    <subfield code="a">20100220d2009    |||y0rusy50      ca</subfield>
  </datafield>
  <datafield tag="101" ind1="0" ind2=" ">
    <subfield code="a">rus</subfield>
  </datafield>
  <datafield tag="102" ind1=" " ind2=" ">
    <subfield code="a">RU</subfield>
  </datafield>
  <datafield tag="105" ind1=" " ind2=" ">
    <subfield code="a">a   |||||||||</subfield>
  </datafield>
  <datafield tag="200" ind1="1" ind2=" ">
    <subfield code="a">&#x410;&#x44D;&#x440;&#x43E;&#x433;&#x435;&#x43D;&#x43D;&#x44B;&#x435; &#x444;&#x430;&#x43A;&#x442;&#x43E;&#x440;&#x44B; &#x440;&#x438;&#x441;&#x43A;&#x430; &#x438; &#x43F;&#x440;&#x43E;&#x444;&#x435;&#x441;&#x441;&#x438;&#x43E;&#x43D;&#x430;&#x43B;&#x44C;&#x43D;&#x44B;&#x435; &#x437;&#x430;&#x431;&#x43E;&#x43B;&#x435;&#x432;&#x430;&#x43D;&#x438;&#x44F; &#x43E;&#x440;&#x433;&#x430;&#x43D;&#x43E;&#x432; &#x434;&#x44B;&#x445;&#x430;&#x43D;&#x438;&#x44F; &#x432; &#x43F;&#x440;&#x43E;&#x438;&#x437;&#x432;&#x43E;&#x434;&#x441;&#x442;&#x432;&#x435; &#x441;&#x43F;&#x43B;&#x430;&#x432;&#x43E;&#x432; &#x442;&#x443;&#x433;&#x43E;&#x43F;&#x43B;&#x430;&#x432;&#x43A;&#x438;&#x445; &#x43C;&#x435;&#x442;&#x430;&#x43B;&#x43B;&#x43E;&#x432;</subfield>
    <subfield code="f">&#x420;&#x43E;&#x441;&#x43B;&#x430;&#x44F; &#x41D;.&#x410;., &#x41B;&#x438;&#x445;&#x430;&#x447;&#x435;&#x432;&#x430; &#x415;.&#x418;., &#x420;&#x43E;&#x441;&#x43B;&#x44B;&#x439; &#x41E;.&#x424;.</subfield>
    <subfield code="g">&#x424;&#x435;&#x434;&#x435;&#x440;. &#x441;&#x43B;&#x443;&#x436;&#x431;&#x430; &#x43F;&#x43E; &#x43D;&#x430;&#x43B;&#x437;&#x43E;&#x440;&#x443; &#x432; &#x441;&#x444;&#x435;&#x440;&#x435; &#x437;&#x430;&#x449;&#x438;&#x442;&#x44B; &#x43F;&#x440;&#x430;&#x432; &#x43F;&#x43E;&#x442;&#x440;&#x435;&#x431;&#x438;&#x442;&#x435;&#x43B;&#x435;&#x439; &#x438; &#x431;&#x43B;&#x430;&#x433;&#x43E;&#x43F;&#x43E;&#x43B;&#x443;&#x447;&#x438;&#x44F; &#x447;&#x435;&#x43B;&#x43E;&#x432;&#x435;&#x43A;&#x430;, &#x424;&#x435;&#x434;&#x435;&#x440;. &#x433;&#x43E;&#x441;. &#x443;&#x447;&#x440;&#x435;&#x436;&#x434;&#x435;&#x43D;&#x438;&#x435; &#x43D;&#x430;&#x443;&#x43A;&#x438; "&#x415;&#x43A;&#x430;&#x442;&#x435;&#x440;&#x438;&#x43D;&#x431;&#x443;&#x440;&#x433;. &#x43C;&#x435;&#x434;. &#x43D;&#x430;&#x443;&#x447;. &#x446;&#x435;&#x43D;&#x442;&#x440; &#x43F;&#x440;&#x43E;&#x444;&#x438;&#x43B;&#x430;&#x43A;&#x442;&#x438;&#x43A;&#x438; &#x438; &#x43E;&#x445;&#x440;&#x430;&#x43D;&#x44B; &#x437;&#x434;&#x43E;&#x440;&#x43E;&#x432;&#x44C;&#x44F; &#x440;&#x430;&#x431;&#x43E;&#x447;&#x438;&#x445; &#x43F;&#x440;&#x43E;&#x43C;&#x43F;&#x440;&#x435;&#x434;&#x43F;&#x440;&#x438;&#x44F;&#x442;&#x438;&#x439;"</subfield>
  </datafield>
  <datafield tag="210" ind1=" " ind2=" ">
    <subfield code="a">&#x415;&#x43A;&#x430;&#x442;&#x435;&#x440;&#x438;&#x43D;&#x431;&#x443;&#x440;&#x433;</subfield>
    <subfield code="c">&#x415;&#x43A;&#x430;&#x442;&#x435;&#x440;&#x438;&#x43D;&#x431;&#x443;&#x440;&#x433;&#x441;&#x43A;&#x438;&#x439; &#x43C;&#x435;&#x434;&#x438;&#x446;&#x438;&#x43D;&#x441;&#x43A;&#x438;&#x439; &#x43D;&#x430;&#x443;&#x447;&#x43D;&#x44B;&#x439; &#x446;&#x435;&#x43D;&#x442;&#x440;&#x43F;&#x440;&#x43E;&#x444;&#x438;&#x43B;&#x430;&#x43A;&#x442;&#x438;&#x43A;&#x438; &#x438; &#x43E;&#x445;&#x440;&#x430;&#x43D;&#x44B; &#x437;&#x434;&#x43E;&#x440;&#x43E;&#x432;&#x44C;&#x44F; &#x440;&#x430;&#x431;&#x43E;&#x447;&#x438;&#x445; &#x43F;&#x440;&#x435;&#x434;&#x43F;&#x440;&#x438;&#x44F;&#x442;&#x438;&#x439;</subfield>
    <subfield code="d">2009</subfield>
  </datafield>
  <datafield tag="215" ind1=" " ind2=" ">
    <subfield code="a">129, [1] &#x441;.</subfield>
    <subfield code="c">&#x438;&#x43B;.</subfield>
    <subfield code="d">21</subfield>
  </datafield>
  <datafield tag="300" ind1=" " ind2=" ">
    <subfield code="a">&#x41D;&#x430; &#x43E;&#x431;&#x43E;&#x440;&#x43E;&#x442;&#x435; &#x442;&#x438;&#x442;.&#x43B;. &#x430;&#x432;&#x442;.: &#x434;.&#x43C;.&#x43D;. &#x420;&#x43E;&#x441;&#x43B;&#x430;&#x44F; &#x41D;.&#x410;., &#x434;&#x43E;&#x43A;&#x442;&#x43E;&#x440;&#x430; &#x43C;&#x435;&#x434;. &#x43D;&#x430;&#x443;&#x43A;, &#x43F;&#x440;&#x43E;&#x444;&#x435;&#x441;&#x441;&#x43E;&#x440;&#x430; &#x41B;&#x438;&#x445;&#x430;&#x447;&#x435;&#x432;&#x430; &#x415;.&#x418;., &#x420;&#x43E;&#x441;&#x43B;&#x44B;&#x439; &#x41E;.&#x424;.</subfield>
  </datafield>
  <datafield tag="320" ind1=" " ind2=" ">
    <subfield code="a">&#x411;&#x438;&#x431;&#x43B;&#x438;&#x43E;&#x433;&#x440;.: &#x441;. 125-128 (61 &#x43D;&#x430;&#x437;&#x432;.)</subfield>
  </datafield>
  <datafield tag="606" ind1="1" ind2=" ">
    <subfield code="a">&#x414;&#x44B;&#x445;&#x430;&#x442;&#x435;&#x43B;&#x44C;&#x43D;&#x430;&#x44F; &#x441;&#x438;&#x441;&#x442;&#x435;&#x43C;&#x430;</subfield>
    <subfield code="x">&#x41F;&#x440;&#x43E;&#x444;&#x435;&#x441;&#x441;&#x438;&#x43E;&#x43D;&#x430;&#x43B;&#x44C;&#x43D;&#x44B;&#x435; &#x431;&#x43E;&#x43B;&#x435;&#x437;&#x43D;&#x438; &#x443; &#x440;&#x430;&#x431;&#x43E;&#x447;&#x438;&#x445; &#x43F;&#x440;&#x43E;&#x438;&#x437;&#x432;&#x43E;&#x434;&#x441;&#x442;&#x432;&#x430; &#x442;&#x443;&#x433;&#x43E;&#x43F;&#x43B;&#x430;&#x432;&#x43A;&#x438;&#x445; &#x441;&#x43F;&#x43B;&#x430;&#x432;&#x43E;&#x432;</subfield>
    <subfield code="9">2588631</subfield>
    <subfield code="3">RU\NLR\auth\661529912</subfield>
  </datafield>
  <datafield tag="686" ind1=" " ind2=" ">
    <subfield code="a">&#x420;124.505.22-43</subfield>
  </datafield>
  <datafield tag="686" ind1=" " ind2=" ">
    <subfield code="a">&#x420;412,7</subfield>
  </datafield>
  <datafield tag="700" ind1=" " ind2="1">
    <subfield code="4">070</subfield>
    <subfield code="8">rus</subfield>
    <subfield code="7">ca</subfield>
    <subfield code="a">&#x420;&#x43E;&#x441;&#x43B;&#x430;&#x44F;</subfield>
    <subfield code="b">&#x41D;. &#x410;.</subfield>
    <subfield code="g">&#x41D;&#x430;&#x442;&#x430;&#x43B;&#x44C;&#x44F; &#x410;&#x43B;&#x435;&#x43A;&#x441;&#x435;&#x435;&#x432;&#x43D;&#x430;</subfield>
    <subfield code="3">RU\NLR\auth\77106570</subfield>
    <subfield code="9">89495</subfield>
  </datafield>
  <datafield tag="701" ind1=" " ind2="1">
    <subfield code="a">&#x41B;&#x438;&#x445;&#x430;&#x447;&#x435;&#x432;&#x430;</subfield>
    <subfield code="b">&#x415;. &#x418;.</subfield>
    <subfield code="g">&#x415;&#x43B;&#x438;&#x437;&#x430;&#x432;&#x435;&#x442;&#x430; &#x418;&#x43B;&#x44C;&#x438;&#x43D;&#x438;&#x447;&#x43D;&#x430;</subfield>
    <subfield code="4">070</subfield>
  </datafield>
  <datafield tag="701" ind1=" " ind2="1">
    <subfield code="a">&#x420;&#x43E;&#x441;&#x43B;&#x44B;&#x439;</subfield>
    <subfield code="b">&#x41E;. &#x424;.</subfield>
    <subfield code="g">&#x41E;&#x43B;&#x435;&#x433; &#x424;&#x435;&#x434;&#x43E;&#x440;&#x43E;&#x432;&#x438;&#x447;</subfield>
    <subfield code="4">070</subfield>
  </datafield>
  <datafield tag="801" ind1=" " ind2="0">
    <subfield code="a">RU</subfield>
    <subfield code="b">NLR</subfield>
    <subfield code="c">20100220</subfield>
    <subfield code="g">RCR</subfield>
  </datafield>
  <datafield tag="801" ind1=" " ind2="1">
    <subfield code="a">RU</subfield>
    <subfield code="b">NLR</subfield>
    <subfield code="c">20100220</subfield>
  </datafield>
  <datafield tag="942" ind1=" " ind2=" ">
    <subfield code="c">BOOK</subfield>
  </datafield>
  <datafield tag="980" ind1=" " ind2=" ">
    <subfield code="a">NB</subfield>
  </datafield>
  <datafield tag="995" ind1=" " ind2=" ">
    <subfield code="5">2010-02-20</subfield>
    <subfield code="a">ad</subfield>
    <subfield code="b">NLR01</subfield>
    <subfield code="c">NLR01</subfield>
    <subfield code="e">RF8</subfield>
    <subfield code="f">3107730</subfield>
    <subfield code="k">2010-3/5213</subfield>
    <subfield code="o">0</subfield>
    <subfield code="r">BOOK</subfield>
    <subfield code="s">201035213_</subfield>
  </datafield>
  <datafield tag="995" ind1=" " ind2=" ">
    <subfield code="5">2010-02-20</subfield>
    <subfield code="a">ad</subfield>
    <subfield code="b">NLR01</subfield>
    <subfield code="c">NLR01</subfield>
    <subfield code="e">RF8</subfield>
    <subfield code="f">3107731</subfield>
    <subfield code="k">2010-3/5213</subfield>
    <subfield code="o">0</subfield>
    <subfield code="r">BOOK</subfield>
    <subfield code="s">201035213_</subfield>
  </datafield>
</record>
